Moscow and Leningrad : (Record no. 270077)

MARC details
000 -LEADER
fixed length control field 01027nam a2200301 a 4500
001 - CONTROL NUMBER
control field vtls000313642
003 - CONTROL NUMBER IDENTIFIER
control field NLI
005 - DATE AND TIME OF LATEST TRANSACTION
control field 20210602135542.0
008 - FIXED-LENGTH DATA ELEMENTS--GENERAL INFORMATION
fixed length control field 101203s1958 enka 000 0 eng
020 ## - INTERNATIONAL STANDARD BOOK NUMBER
Terms of availability Rs. 25.00
039 #9 - LEVEL OF BIBLIOGRAPHIC CONTROL AND CODING DETAIL [OBSOLETE]
-- 201012032133
-- VLOAD
040 ## - CATALOGING SOURCE
Original cataloging agency NLI
Language of cataloging eng
Transcribing agency Retro_DSC 1
Description conventions AACR2
041 1# - LANGUAGE CODE
Language code of text/sound track or separate title eng
Language code of original ger
044 ## - COUNTRY OF PUBLISHING/PRODUCING ENTITY CODE
MARC country code enk
082 04 - DEWEY DECIMAL CLASSIFICATION NUMBER
Classification number 914.731
100 1# - MAIN ENTRY--PERSONAL NAME
Personal name Hurlimann, Martin,
Dates associated with a name 1897-1984
9 (RLIN) 420597
245 10 - TITLE STATEMENT
Title Moscow and Leningrad :
Remainder of title 78 pictures in photogravure, 9 colour plates and 9 line drawings /
Statement of responsibility, etc. Martin Hurlimann ; [translated from the German by Daphne Woodward]
260 ## - PUBLICATION, DISTRIBUTION, ETC.
Place of publication, distribution, etc. London :
Name of publisher, distributor, etc. Thames and Hudson,
Date of publication, distribution, etc. 1958
300 ## - PHYSICAL DESCRIPTION
Extent 135 p. :
Other physical details ill. ;
Dimensions 26 cm.
651 #0 - SUBJECT ADDED ENTRY--GEOGRAPHIC NAME
Geographic name Moscow (Russia)
Form subdivision Pictorial works
9 (RLIN) 482905
651 #0 - SUBJECT ADDED ENTRY--GEOGRAPHIC NAME
Geographic name Saint Petersburg (Russia)
Form subdivision Pictorial works
9 (RLIN) 482906
700 1# - ADDED ENTRY--PERSONAL NAME
Personal name Woodward, Daphne,
Relationship trl
9 (RLIN) 83223
887 ## - NON-MARC INFORMATION FIELD
Content of non-MARC field
901 ## - LOCAL DATA ELEMENT A, LDA (RLIN)
a 335071
b 17.10.1960
902 ## - LOCAL DATA ELEMENT B, LDB (RLIN)
a E/O 914.731 H 871
949 ## - LOCAL PROCESSING INFORMATION (OCLC)
-- VIRTUAITEM
-- 10000
-- 100
6 PUR000335071ENG
942 ## - ADDED ENTRY ELEMENTS (KOHA)
Source of classification or shelving scheme Dewey Decimal Classification
Koha item type Books
Holdings
Withdrawn status Lost status Damaged status Not for loan Collection code Home library Current library Shelving location Date acquired Total Checkouts Full call number Barcode Date last seen Price effective from Koha item type
        New English Oversized National Library of India National Library of India New English Oversized - Main Stack Division     E/O 914.731 H 871 PUR000335071ENG 02/06/2021 02/06/2021 Books
                                                                           
web counter

Copyright ©2020 The National Library of India, Govt. of India ↔ Hosted by NVLI, MOC ↔ Technology and Design by National Library of India, Ministry of Culture, Govt. of India